Najpopularniejsze imiona męskie w 2024 r. - Statystyki

Ogólne statystyki
  • Ten quiz został rozwiązany 152 razy
  • Średni wynik to 47 z 100
Statystyki odpowiedzi
Liczba Imię % Poprawnych
1390 Piotr
90%
5277 Jan
82%
478 Paweł
81%
205 Aleks
80%
1891 Michał
80%
732 Mateusz
78%
5170 Aleksander
77%
774 Bartosz
77%
3097 Filip
77%
969 Krzysztof
77%
3938 Jakub
76%
5404 Antoni
73%
2199 Kacper
73%
4574 Franciszek
72%
2722 Szymon
72%
656 Tomasz
72%
215 Marcin
71%
2628 Adam
69%
448 Bartłomiej
69%
779 Karol
69%
608 Leo
69%
188 Łukasz
69%
6388 Nikodem
69%
3715 Stanisław
69%
413 Kamil
68%
261 Damian
66%
4669 Leon
66%
587 Daniel
65%
315 Patryk
65%
3644 Mikołaj
63%
1993 Wiktor
63%
1031 Dawid
62%
2552 Wojciech
62%
355 Grzegorz
61%
884 Dominik
59%
4229 Ignacy
59%
1638 Igor
56%
249 Krystian
56%
904 Henryk
55%
650 Maciej
55%
290 Maksym
55%
202 Konrad
54%
2360 Marcel
54%
1678 Miłosz
54%
1696 Oskar
54%
1853 Julian
52%
249 Robert
52%
270 Sebastian
52%
1031 Hubert
51%
408 Eryk
50%
494 Kuba
50%
2569 Maksymilian
50%
225 Rafał
50%
334 Adrian
49%
1020 Tadeusz
49%
186 Przemysław
48%
911 Cezary
47%
321 Jerzy
47%
363 Emil
46%
1555 Tymoteusz
45%
701 Artur
44%
2510 Oliwier
44%
2478 Tymon
43%
553 Józef
38%
407 Olaf
38%
928 Natan
36%
1720 Gabriel
35%
304 Ryszard
34%
661 Fabian
33%
426 Kornel
33%
684 Alan
32%
583 Kazimierz
31%
219 Lucjan
30%
204 Juliusz
29%
505 Witold
29%
359 Gustaw
27%
465 Stefan
27%
427 Feliks
26%
1089 Bruno
23%
358 Florian
22%
755 Ksawery
22%
580 Leonard
22%
923 Teodor
22%
525 Kajetan
21%
315 Remigiusz
21%
502 Borys
20%
185 Jeremi
20%
227 Nataniel
20%
395 Mieszko
19%
835 Milan
18%
249 Alex
16%
332 Konstanty
16%
249 Liam
15%
349 Tobiasz
13%
532 Mark
4%
184 Alexander
3%
200 Olivier
3%
186 Artem
1%
300 David
1%
204 Matvii
0%
Nie znaleziono quizów pasujących do podanych kryteriów
Rozkład punktacji
Procent ludzi z każdym wynikiem
Percentyl według liczby udzielonych odpowiedzi
Twoja historia wyników
Nie rozwiązałeś tego quizu